Statistics for Skylanders character test

Click here to take the quiz!

General Stats

  • This quiz has been taken 384 times
  • The average score is 10 of 15

Answer Stats

CluesSkylanders% Correct
Purple, dragonSpyro
98%
Made of rock and lava, throws up lavaEruptor
90%
Has gills, has a spear type weaponGill grunt
88%
A giant, is a treeTree rex
87%
Likes potions, A LOTPop fizz
85%
A creature that likes guns, guns, and more gunsTrigger happy
78%
A vegetable who shoots tomatoesFood fight
68%
A creature that wields dynamiteBoomer
66%
An snake who has a snake as a sniperRattle shake
59%
A skeleton dogFunny bone
56%
An ice creature with roller blades... made of iceFreeze blade
51%
A voodoo type creatureDouble trouble
48%
A creature who likes explosions and fireworksFire kraken
47%
A girl who has a giant gearGearshift
45%
A shark with rock armorShark shooter terrafin
27%

Score Distribution

Percentile by Number Answered

Percent of People with Each Score

Your Score History

You have not taken this quiz